[Event "TCh-FRA Top 12 2016"]
[Site "Drancy FRA"]
[Date "2016.05.30"]
[Round "3.6"]
[Board "5"]
[White "Vaisser, Anatoly"]
[Black "Palac, Mladen"]
[Result "0-1"]
[WhiteTitle "GM"]
[BlackTitle "GM"]
[WhiteElo "2509"]
[BlackElo "2577"]
[WhiteTeam "C.E. STRASBOURG"]
[BlackTeam "NICE Alekhine"]
[WhiteFideId "603252"]
[BlackFideId "14500116"]
[EventDate "2016.05.28"]

1. d4 Nf6 2. c4 e6 3. Nc3 Bb4 4. e3 O-O 5. Ne2 Re8 6. a3 Bf8 7. Ng3 d5 8. Be2 c5
9. dxc5 dxc4 10. Qxd8 Rxd8 11. Nge4 Nxe4 12. Nxe4 Bd7 13. Bxc4 Bc6 14. Nc3 Bxc5
15. f3 Nd7 16. Ke2 Ne5 17. Bb5 Bxb5+ 18. Nxb5 Rac8 19. Rd1 Rxd1 20. Kxd1 Nc4 21.
Ke2 a6 22. Nc3 Bd6 23. Kd3 Bxh2 24. f4 Bg3 25. b3 Na5 26. Rb1 Bh4 27. Bd2 Be7
28. Ne4 Nc6 29. b4 f5 30. Nc5 Bxc5 31. bxc5 Rd8+ 32. Kc2 Rd7 33. Bc3 Kf7 34. Kb3
e5 35. Rh1 Rd3 36. Kc4 Rxe3 37. Rb1 Ke6 38. fxe5 Nxe5+ 39. Bxe5 Kxe5 40. Rxb7
Re4+ 41. Kb3 Rg4 42. Rd7 Rxg2 43. c6 Rg6 44. c7 Rc6 45. Rxg7 h5 46. Rh7 Ke4 47.
Kb4 f4 48. Ka5 f3 49. Rxh5 Rxc7 50. Kxa6 Rc1 51. Rh4+ Ke3 52. Ka5 f2 53. Rh3+
Ke4 54. Rh4+ Ke5 55. Rh5+ Kf6 0-1

[Event "TCh-FRA Top 12 2016"]
[Site "Drancy FRA"]
[Date "2016.05.30"]
[Round "3.6"]
[Board "6"]
[White "Sulava, Nenad"]
[Black "Vitoux, Colomban"]
[Result "1-0"]
[WhiteTitle "GM"]
[BlackTitle "IM"]
[WhiteElo "2416"]
[BlackElo "2385"]
[WhiteTeam "NICE Alekhine"]
[BlackTeam "C.E. STRASBOURG"]
[WhiteFideId "14500205"]
[BlackFideId "628549"]
[EventDate "2016.05.28"]

1. d4 Nf6 2. Bg5 e6 3. Nd2 d5 4. e3 c5 5. c3 Nc6 6. Ngf3 Be7 7. Bd3 h6 8. Bh4
Nd7 9. Bg3 Bf6 10. O-O O-O 11. Bd6 Be7 12. Bxe7 Qxe7 13. Re1 Rd8 14. Rc1 b6 15.
e4 dxe4 16. Bxe4 Bb7 17. d5 exd5 18. Bxd5 Qf8 19. Qa4 Na5 20. Bxb7 Nxb7 21. Ne4
f5 22. Ng3 Nd6 23. Rcd1 Nf6 24. Nh4 Nfe4 25. Nhxf5 Kh8 26. Nxe4 Nxf5 27. Rxd8
Qxd8 28. Qc6 Qe8 29. Qxe8+ Rxe8 30. f3 Nd6 31. Kf2 Nc4 32. b3 Ne5 33. Kg3 Ng6
34. Rd1 Re7 35. h4 Kg8 36. Rd8+ Nf8 37. h5 Re5 38. Kh4 Kf7 39. Ra8 Re7 40. Nd6+
Kg8 41. g4 Re3 42. f4 Rxc3 43. f5 Rd3 44. Nc4 Rd5 45. a4 Kf7 46. Rxa7+ Kf6 47.
Rb7 Nd7 48. Nxb6 Nxb6 49. Rxb6+ Ke5 50. Re6+ Kf4 51. Re1 Kf3 52. f6 gxf6 53.
Rf1+ Kg2 54. Rxf6 1-0

[Event "TCh-FRA Top 12 2016"]
[Site "Drancy FRA"]
[Date "2016.05.30"]
[Round "3.6"]
[Board "7"]
[White "Roos, Louis"]
[Black "Babault, Patrice"]
[Result "0-1"]
[WhiteTitle "IM"]
[BlackTitle "FM"]
[WhiteElo "2359"]
[BlackElo "2412"]
[WhiteTeam "C.E. STRASBOURG"]
[BlackTeam "NICE Alekhine"]
[WhiteFideId "600288"]
[BlackFideId "623822"]
[EventDate "2016.05.28"]

1. c4 c6 2. d4 d5 3. cxd5 cxd5 4. Bf4 Nc6 5. Nc3 e5 6. Bxe5 Nxe5 7. dxe5 d4 8.
Ne4 Qd5 9. Nd2 Bg4 10. h3 Bh5 11. Ngf3 O-O-O 12. g4 Bg6 13. Bg2 Ne7 14. a3 Nc6
15. Rc1 Kb8 16. O-O h5 17. Nh4 Qxe5 18. Nxg6 fxg6 19. Nf3 Qf4 20. g5 Bd6 21. Qb3
Rc8 22. Rfd1 Rc7 23. Rxc6 Rxc6 24. Nxd4 Rb6 25. Qd5 Rf8 26. Nf3 Bc7 27. b4 Rd6
28. Qb3 Rxd1+ 29. Qxd1 Rd8 30. Qa1 a6 31. e3 Qf5 32. Nd4 Be5 33. Qd1 Bxd4 34.
exd4 Qf4 35. Qe2 Rxd4 36. b5 Rd2 37. Qe7 Qxf2+ 0-1

[Event "TCh-FRA Top 12 2016"]
[Site "Drancy FRA"]
[Date "2016.05.30"]
[Round "3.6"]
[Board "8"]
[White "Collas, Silvia"]
[Black "Nicoara, Malina"]
[Result "1-0"]
[WhiteTitle "IM"]
[BlackTitle "WIM"]
[WhiteElo "2308"]
[BlackElo "2088"]
[WhiteTeam "NICE Alekhine"]
[BlackTeam "C.E. STRASBOURG"]
[WhiteFideId "2902265"]
[BlackFideId "604631"]
[EventDate "2016.05.28"]

1. e4 c5 2. Nf3 Nc6 3. d4 cxd4 4. Nxd4 g6 5. c4 Bg7 6. Be3 Nf6 7. Nc3 d6 8. Be2
O-O 9. O-O Bd7 10. Qd2 Nxd4 11. Bxd4 Bc6 12. f3 a5 13. b3 Nd7 14. Be3 Nc5 15.
Rab1 Qb6 16. Rfc1 Rfc8 17. Rc2 Qd8 18. Bf1 h5 19. a3 Kh7 20. b4 axb4 21. axb4
Ne6 22. Nd5 Ra3 23. Bf2 Rca8 24. Nb6 Ra1 25. Rxa1 Rxa1 26. b5 Be8 27. g3 Ra3 28.
Kg2 Bh6 29. f4 Ra1 30. Be2 h4 31. c5 Rb1 32. cxd6 Qxd6 33. Qxd6 exd6 34. Nd5
Bxb5 35. Bxb5 Rxb5 36. Nf6+ Kg7 37. Ne8+ Kf8 38. Nxd6 Rb3 39. f5 hxg3 40. hxg3
gxf5 41. exf5 Ng5 42. Rc7 Rd3 43. Bc5 Rd2+ 44. Kf1 Nf3 45. Ne4+ 1-0

[Event "TCh-FRA Top 12 2016"]
[Site "Drancy FRA"]
[Date "2016.05.31"]
[Round "4.1"]
[Board "1"]
[White "Salgado Lopez, Ivan"]
[Black "Baklan, Vladimir"]
[Result "1/2-1/2"]
[WhiteTitle "GM"]
[BlackTitle "GM"]
[WhiteElo "2618"]
[BlackElo "2614"]
[WhiteTeam "L'Echiquier Chalonnais, CHALONS-EN-CHAMPAGNE"]
[BlackTeam "C.E. STRASBOURG"]
[WhiteFideId "2257327"]
[BlackFideId "14102196"]
[EventDate "2016.05.28"]

1. e4 d6 2. d4 Nf6 3. Nc3 e5 4. Nf3 Nbd7 5. Bc4 Be7 6. a4 O-O 7. O-O c6 8. h3
Nxe4 9. Nxe4 d5 10. Nxe5 Nxe5 11. dxe5 dxc4 12. Nd6 Be6 13. Nxb7 Qc7 14. Nd6
Rad8 15. Qf3 Bxd6 16. exd6 Qxd6 17. Bf4 1/2-1/2

[Event "TCh-FRA Top 12 2016"]
[Site "Drancy FRA"]
[Date "2016.05.31"]
[Round "4.1"]
[Board "2"]
[White "Nataf, Igor-Alexandre"]
[Black "Cossin, Sebastien"]
[Result "1/2-1/2"]
[WhiteTitle "GM"]
[BlackTitle "IM"]
[WhiteElo "2531"]
[BlackElo "2514"]
[WhiteTeam "C.E. STRASBOURG"]
[BlackTeam "L'Echiquier Chalonnais, CHALONS-EN-CHAMPAGNE"]
[WhiteFideId "605492"]
[BlackFideId "618802"]
[EventDate "2016.05.28"]

1. e4 c5 2. Nf3 d6 3. d4 cxd4 4. Nxd4 Nf6 5. Nc3 a6 6. Be3 e5 7. Nf3 Be7 8. Bc4
O-O 9. O-O Be6 10. Bb3 Nc6 11. Bg5 Nd7 12. Bxe7 Qxe7 13. Nd5 Qd8 14. Qe2 Na5 15.
Rad1 Rc8 16. Rd2 Nxb3 17. axb3 f5 18. exf5 Bxf5 19. h3 Bg6 20. Nh2 Nc5 21. f3
Ne6 22. c3 Rf7 23. Rfd1 Nc5 24. Ne3 Nxb3 25. Rxd6 Qc7 26. Neg4 Re7 27. Qf2 Nc5
28. Qd2 e4 29. Qd5+ Bf7 30. Qd4 Nb3 31. Qf2 h5 32. Ne3 Qc5 33. f4 Nc1 34. R1d4
Rc6 35. Rxc6 bxc6 36. Nhf1 Nd3 37. Qh4 Nxb2 38. Ng3 Bd5 39. Kh2 Rf7 40. Nxd5
cxd5 41. Qxh5 Nd3 42. Rxd5 Qc7 43. Qg5 Qxf4 44. Rd8+ Rf8 45. Qd5+ Qf7 46. Rxf8+
Kxf8 47. Qxe4 Nc5 48. Qc6 Qe7 49. Qa8+ Qe8 50. Qd5 Qe3 51. c4 g6 52. h4 a5 53.
Qa8+ Kf7 54. Qxa5 Qe7 55. Qc3 Qxh4+ 56. Kg1 Qf4 57. Ne2 Qe4 58. Qf3+ Qxf3 59.
gxf3 Nd3 60. Kg2 Ke6 61. Kg3 Kd6 62. Nf4 Ne5 63. Ng2 Nxc4 64. Nh4 Ne5 65. f4 Nd3
66. Nxg6 Nxf4 1/2-1/2

[Event "TCh-FRA Top 12 2016"]
[Site "Drancy FRA"]
[Date "2016.05.31"]
[Round "4.1"]
[Board "3"]
[White "Krasenkow, Michal"]
[Black "Sanikidze, Tornike"]
[Result "1/2-1/2"]
[WhiteTitle "GM"]
[BlackTitle "GM"]
[WhiteElo "2610"]
[BlackElo "2537"]
[WhiteTeam "L'Echiquier Chalonnais, CHALONS-EN-CHAMPAGNE"]
[BlackTeam "C.E. STRASBOURG"]
[WhiteFideId "1113100"]
[BlackFideId "13602608"]
[EventDate "2016.05.28"]

1. d4 Nf6 2. c4 e6 3. Nf3 d5 4. Bg5 dxc4 5. Qa4+ Nbd7 6. Qxc4 h6 7. Bxf6 Nxf6 8.
Nbd2 Be7 9. Rc1 c6 10. g3 O-O 11. Bg2 Qb6 12. Rc2 Rd8 13. O-O Bd7 14. Nb3 Be8
15. Ne5 Nd7 16. Nd3 Qc7 17. Qc3 a5 18. e3 a4 19. Nbc5 Nxc5 20. Nxc5 b6 21. Nd3
Rac8 22. Rfc1 c5 23. dxc5 Bb5 24. Bf1 bxc5 25. Nf4 Bxf1 26. Kxf1 Qb7 27. Kg1 c4
28. Qe1 a3 29. Qe2 e5 30. Ng2 axb2 31. Rxb2 Qa8 32. Rbc2 Ba3 33. Rd1 Rxd1+ 34.
Qxd1 c3 35. Ne1 Rd8 36. Qe2 Qa5 37. Qc4 Rd1 38. Kf1 Bb2 39. Ke2 Rd8 40. Nd3 e4
41. Qxe4 Qxa2 42. Qc6 Qb1 43. Qa4 Ba1 44. Nc1 Qb7 45. Nd3 Qd5 46. Ne1 Bb2 47. h4
g6 48. e4 Qd1+ 49. Kf1 Kg7 50. Qb5 Rd2 51. Qe5+ Kg8 52. Qe8+ Kg7 53. Qb8 1/2-1/2

[Event "TCh-FRA Top 12 2016"]
[Site "Drancy FRA"]
[Date "2016.05.31"]
[Round "4.1"]
[Board "4"]
[White "Rozentalis, Eduardas"]
[Black "Velten, Paul"]
[Result "1/2-1/2"]
[WhiteTitle "GM"]
[BlackTitle "IM"]
[WhiteElo "2593"]
[BlackElo "2469"]
[WhiteTeam "C.E. STRASBOURG"]
[BlackTeam "L'Echiquier Chalonnais, CHALONS-EN-CHAMPAGNE"]
[WhiteFideId "12800023"]
[BlackFideId "681091"]
[EventDate "2016.05.28"]

1. e4 c6 2. d4 d5 3. Nd2 dxe4 4. Nxe4 Nd7 5. Bd3 Ngf6 6. Ng5 h6 7. Ne6 Qb6 8.
Ne2 fxe6 9. Bg6+ Kd8 10. Nf4 Nb8 11. O-O Bd7 12. c4 Kc8 13. Qe2 Na6 14. Bf7 g5
15. Ng6 Rh7 16. Bxe6 Qd8 17. d5 Nc7 18. Bxd7+ Nxd7 19. dxc6 bxc6 20. Rd1 e5 21.
Qf3 Bc5 22. Qxc6 Qf6 23. Qxf6 Nxf6 24. Nxe5 Re7 25. Nd3 Bd4 26. Bd2 Kb7 27. Bb4
Rd7 28. Nc5+ Bxc5 29. Bxc5 a5 30. h3 Ne6 31. Be3 Rad8 32. Rxd7+ Rxd7 1/2-1/2

[Event "TCh-FRA Top 12 2016"]
[Site "Drancy FRA"]
[Date "2016.05.31"]
[Round "4.1"]
[Board "5"]
[White "Anic, Darko"]
[Black "Vaisser, Anatoly"]
[Result "0-1"]
[WhiteTitle "GM"]
[BlackTitle "GM"]
[WhiteElo "2381"]
[BlackElo "2509"]
[WhiteTeam "L'Echiquier Chalonnais, CHALONS-EN-CHAMPAGNE"]
[BlackTeam "C.E. STRASBOURG"]
[WhiteFideId "602612"]
[BlackFideId "603252"]
[EventDate "2016.05.28"]

1. Nf3 Nf6 2. c4 g6 3. g3 Bg7 4. Bg2 O-O 5. O-O d6 6. d4 Nbd7 7. Nc3 e5 8. e4
exd4 9. Nxd4 Re8 10. h3 Nc5 11. Re1 a5 12. Qc2 Nfd7 13. Be3 c6 14. Rad1 a4 15.
b4 axb3 16. axb3 Qb6 17. Rb1 Qb4 18. Re2 Ne6 19. Nxe6 Rxe6 20. Na2 Qa3 21. b4
Qa4 22. Rb3 Re8 23. Kh2 Ne5 24. Nc3 Qa6 25. b5 Qa5 26. Nb1 Qa4 27. bxc6 bxc6 28.
c5 Ba6 29. Ra3 Qxc2 30. Rxc2 Bd3 31. Rxd3 Nxd3 32. cxd6 Rad8 33. Rxc6 Bf8 34.
Nc3 Ne5 35. Ra6 Rxd6 36. Ra7 Nc6 37. Rc7 Nb4 38. e5 Rde6 39. f4 Rd8 40. Nb5 Nd5
41. Bxd5 Rxd5 42. Nd4 Ra6 43. Kg2 Rc5 44. Ne6 Rxc7 45. Nxc7 Ra3 46. Nd5 Rd3 47.
Nf6+ Kg7 48. Kf2 Ba3 49. Ke2 Rb3 50. g4 Rb2+ 51. Kf3 Rh2 52. Kg3 Rc2 53. h4 Rc3
54. Kf2 Be7 55. h5 Bxf6 56. exf6+ Kf8 57. hxg6 hxg6 58. Kf3 Ke8 59. Ke4 Kd7 60.
f5 Rc4+ 61. Kf3 gxf5 62. gxf5 Kd6 63. Bf4+ Kd5 64. Kg4 Ke4 65. Bd6 Rc1 0-1

[Event "TCh-FRA Top 12 2016"]
[Site "Drancy FRA"]
[Date "2016.05.31"]
[Round "4.1"]
[Board "6"]
[White "Sebag, Marie"]
[Black "Letreguilly, Olivier"]
[Result "1-0"]
[WhiteTitle "GM"]
[BlackTitle "FM"]
[WhiteElo "2490"]
[BlackElo "2306"]
[WhiteTeam "C.E. STRASBOURG"]
[BlackTeam "L'Echiquier Chalonnais, CHALONS-EN-CHAMPAGNE"]
[WhiteFideId "617822"]
[BlackFideId "600997"]
[EventDate "2016.05.28"]

1. e4 e6 2. d4 d5 3. Nd2 Be7 4. Bd3 c5 5. dxc5 Nf6 6. Qe2 Nc6 7. Ngf3 O-O 8. O-O
Bxc5 9. e5 Nd7 10. Nb3 Be7 11. c4 dxc4 12. Bxc4 Qc7 13. Bf4 Rd8 14. Rac1 Nf8 15.
h4 Bd7 16. h5 h6 17. Nfd2 Rac8 18. Bd3 Qb8 19. a3 Be8 20. Qe3 Rd5 21. Be4 Rdd8
22. Rc3 a6 23. Rfc1 Kh8 24. Nc4 Na7 25. Nd6 Rxc3 26. bxc3 Bxd6 27. exd6 Nd7 28.
Bxh6 Qxd6 29. Qg5 Qf8 30. Qxd8 gxh6 31. Bxb7 Kg7 32. Rd1 Ne5 33. Qd4 1-0

[Event "TCh-FRA Top 12 2016"]
[Site "Drancy FRA"]
[Date "2016.05.31"]
[Round "4.1"]
[Board "7"]
[White "Favarel, Antoine"]
[Black "Sharif, Mehrshad"]
[Result "1-0"]
[WhiteTitle "FM"]
[BlackTitle "IM"]
[WhiteElo "2348"]
[BlackElo "2425"]
[WhiteTeam "L'Echiquier Chalonnais, CHALONS-EN-CHAMPAGNE"]
[BlackTeam "C.E. STRASBOURG"]
[WhiteFideId "642371"]
[BlackFideId "600121"]
[EventDate "2016.05.28"]

1. d4 d5 2. c4 e6 3. Nf3 Nf6 4. g3 Bb4+ 5. Bd2 Bd6 6. Nc3 O-O 7. Bg5 c6 8. Bg2
h6 9. Bxf6 Qxf6 10. O-O Bc7 11. Qb3 Nd7 12. e4 dxc4 13. Qxc4 Nb6 14. Qb3 e5 15.
d5 Bg4 16. Nd2 h5 17. h3 Bd7 18. a4 a5 19. h4 Bg4 20. Nd1 Qd6 21. Ne3 cxd5 22.
exd5 Qb4 23. Qxb4 axb4 24. Rfc1 Bd8 25. b3 Be2 26. Bh3 Ra5 27. Bg2 f5 28. Nec4
Bxc4 29. Nxc4 Nxc4 30. Rxc4 Be7 31. Rc7 Bc5 32. Rd1 Rf6 33. Rxc5 Rxc5 34. d6 Rf8
35. Bd5+ Kh7 36. Bxb7 Rd8 37. d7 Kg6 38. Rd6+ Kf7 39. Bc8 Rc3 40. a5 Rxb3 41. a6
Ra3 42. Rb6 b3 43. Kf1 Ke7 44. Ke2 Rxd7 45. Rb7 Ra2+ 46. Ke3 Rd2 47. Bxd7 Rxd7
48. a7 Rxb7 49. a8=Q Rd7 50. Qa3+ Kf6 51. Qa6+ Ke7 52. Qb5 Kd6 53. Qb8+ Ke6 54.
Qxb3+ Kf6 55. Qb6+ Kf7 56. Qc5 Re7 57. Qd5+ Kf6 58. Qg8 g6 59. Kd3 Rd7+ 60. Kc4
Rd2 61. Qf8+ Ke6 62. Qg7 Rd4+ 63. Kc5 Rg4 64. Qg8+ 1-0

[Event "TCh-FRA Top 12 2016"]
[Site "Drancy FRA"]
[Date "2016.05.31"]
[Round "4.1"]
[Board "8"]
[White "Vitoux, Colomban"]
[Black "De Seroux, Camille"]
[Result "1-0"]
[WhiteTitle "IM"]
[BlackTitle "WFM"]
[WhiteElo "2385"]
[BlackElo "2085"]
[WhiteTeam "C.E. STRASBOURG"]
[BlackTeam "L'Echiquier Chalonnais, CHALONS-EN-CHAMPAGNE"]
[WhiteFideId "628549"]
[BlackFideId "1305620"]
[EventDate "2016.05.28"]

1. e4 c5 2. Nf3 d6 3. c3 Nf6 4. Be2 Bd7 5. d3 g6 6. O-O Bg7 7. Nbd2 O-O 8. d4
cxd4 9. cxd4 Qc7 10. Bd3 Nc6 11. a3 e5 12. d5 Nb8 13. Nb1 a5 14. Be3 Na6 15. Qe2
Nc5 16. Rc1 b6 17. Nbd2 a4 18. Bb5 Qb7 19. Bxc5 bxc5 20. Bxd7 Nxd7 21. Rcb1 Bh6
22. Nc4 Qa6 23. Qc2 f5 24. exf5 Rxf5 25. b4 axb3 26. Rxb3 Rf4 27. Ne3 Raf8 28.
Rf1 e4 29. Nd2 Qe2 30. Ndc4 Rxf2 31. Rxf2 Rxf2 32. Qxe2 Rxe2 33. Kf1 Ra2 34. Ng4
Bf4 35. g3 Be5 36. Rb7 Rc2 37. Nxd6 Rc1+ 38. Ke2 Bxd6 39. Rxd7 1-0

[Event "TCh-FRA Top 12 2016"]
[Site "Drancy FRA"]
[Date "2016.05.31"]
[Round "4.2"]
[Board "1"]
[White "Duda, Jan-Krzysztof"]
[Black "Kogan, Arthur"]
[Result "1-0"]
[WhiteTitle "GM"]
[BlackTitle "GM"]
[WhiteElo "2666"]
[BlackElo "2528"]
[WhiteTeam "C.E. de BOIS COLOMBES"]
[BlackTeam "Cavalier Bleu DRANCY"]
[WhiteFideId "1170546"]
[BlackFideId "2800802"]
[EventDate "2016.05.28"]

1. e4 c5 2. Nf3 d6 3. d4 cxd4 4. Nxd4 Nf6 5. Nc3 a6 6. Be3 Ng4 7. Bg5 h6 8. Bh4
g5 9. Bg3 Bg7 10. Be2 h5 11. Bxg4 hxg4 12. Nd5 Nc6 13. Nf5 Bxf5 14. exf5 e6 15.
fxe6 fxe6 16. Nc3 Bxc3+ 17. bxc3 Ne5 18. O-O Qc7 19. Bxe5 dxe5 20. Qxg4 O-O-O
21. Qxe6+ Kb8 22. Rad1 Qxc3 23. Rxd8+ Rxd8 24. Qe7 Rd2 25. Qxg5 Rxc2 26. h4 Qd4
27. h5 Qe4 28. Qg6 Qxg6 29. hxg6 Rc6 30. Re1 Rxg6 31. Rxe5 Kc7 32. f4 b5 33. Kf2
b4 34. f5 Rc6 35. g4 Rc2+ 36. Re2 Rc3 37. f6 Rc6 38. g5 Rc5 39. Re3 Rxg5 40. f7
Rf5+ 41. Rf3 Rxf7 42. Rxf7+ Kc6 43. Rf5 b3 1-0

[Event "TCh-FRA Top 12 2016"]
[Site "Drancy FRA"]
[Date "2016.05.31"]
[Round "4.2"]
[Board "2"]
[White "Bijaoui, Manuel"]
[Black "Ipatov, Alexander"]
[Result "0-1"]
[WhiteTitle "IM"]
[BlackTitle "GM"]
[WhiteElo "2406"]
[BlackElo "2648"]
[WhiteTeam "Cavalier Bleu DRANCY"]
[BlackTeam "C.E. de BOIS COLOMBES"]
[WhiteFideId "626783"]
[BlackFideId "14116731"]
[EventDate "2016.05.28"]

1. e4 e5 2. Nf3 Nc6 3. Bb5 a6 4. Ba4 Nf6 5. O-O Be7 6. Re1 d6 7. Bxc6+ bxc6 8.
d4 Nd7 9. dxe5 dxe5 10. Nbd2 f6 11. Nc4 Nc5 12. Qxd8+ Kxd8 13. Na5 Bd7 14. Bd2
Rb8 15. b3 Kc8 16. Rad1 Rd8 17. Bc3 Ne6 18. Nc4 c5 19. Ne3 Nd4 20. Nd2 Be6 21.
Ndc4 Rd7 22. f3 Bf8 23. Kf2 g6 24. Rc1 Bh6 25. Bd2 Nxf3 26. Kxf3 Bxc4 27. Nxc4
Bxd2 28. Nxd2 Rxd2 29. Red1 Rd4 30. c3 Rd6 31. g4 Kd7 32. Ke3 Ke6 33. Rxd6+ cxd6
34. c4 Rh8 35. Rg1 a5 36. Kd3 h5 37. g5 Rf8 38. gxf6 Rxf6 39. Ke3 Kf7 40. Rg2
Rf4 41. Rd2 Ke7 42. Rg2 Rh4 43. Kd3 Kf6 44. Re2 Rg4 45. Kc3 h4 46. Kd3 g5 47.
Ke3 Rf4 48. Rd2 g4 49. Rxd6+ Kg5 50. Rd5 Rf3+ 51. Ke2 Kf4 52. Rxc5 Rh3 53. Rxa5
Rxh2+ 54. Kd3 g3 55. Ra8 g2 56. Rf8+ Kg3 0-1

[Event "TCh-FRA Top 12 2016"]
[Site "Drancy FRA"]
[Date "2016.05.31"]
[Round "4.2"]
[Board "3"]
[White "Bachmann, Axel"]
[Black "Petkov, Vladimir"]
[Result "1-0"]
[WhiteTitle "GM"]
[BlackTitle "GM"]
[WhiteElo "2632"]
[BlackElo "2493"]
[WhiteTeam "C.E. de BOIS COLOMBES"]
[BlackTeam "Cavalier Bleu DRANCY"]
[WhiteFideId "3700488"]
[BlackFideId "2901188"]
[EventDate "2016.05.28"]

1. Nf3 Nf6 2. d4 e6 3. c4 d5 4. g3 Be7 5. Bg2 O-O 6. O-O dxc4 7. Qc2 b5 8. a4 b4
9. Nbd2 Bb7 10. Nxc4 Be4 11. Qd1 Nbd7 12. b3 c5 13. Bb2 Nb6 14. Ncd2 Bd5 15. a5
Nbd7 16. Qb1 Rc8 17. Rc1 cxd4 18. Bxd4 Bc5 19. Qb2 Bxd4 20. Nxd4 Nc5 21. N4f3
Nfe4 22. Nxe4 Nxe4 23. Rxc8 Qxc8 24. Qd4 Qb8 25. Ne5 Nc3 26. Bf1 Rd8 27. Nd3 Bf3
28. Qe3 Be4 29. Nc5 Bd5 30. Qf4 e5 31. Qh4 f6 32. Na6 Qd6 33. Qxb4 Qxb4 34. Nxb4
Be6 35. Nd3 e4 36. Nc5 Bg4 37. e3 Bf3 38. Rc1 Na2 39. Rc2 Nb4 40. Rc4 Nc6 41.
Rc1 Nxa5 42. Bh3 g6 43. Be6+ Kh8 44. Nd7 Nxb3 45. Rc7 Na5 46. Bd5 Kg7 47. h4 g5
48. hxg5 fxg5 49. Rxa7 Kg6 50. Ne5+ Kf6 51. Nxf3 Rxd5 52. Nd4 h5 53. Ra6+ Kf7
54. Ra7+ Kf6 55. Ra6+ Kf7 56. Rh6 g4 57. Rh7+ Kf6 58. Rc7 Re5 59. Kf1 Re7 60.
Rc8 Re5 61. Ke1 Nb7 62. Rc6+ Kf7 63. Ne2 Nc5 64. Nf4 Ne6 65. Ke2 Ng5 66. Nxh5
Ra5 67. Rf6+ Ke7 68. Rf4 Ra2+ 69. Ke1 Nf3+ 70. Kd1 Rd2+ 71. Kc1 Rxf2 72. Rxe4+
Kd6 73. Rxg4 Re2 74. Re4 Ng5 75. Re8 Ne6 76. Rxe6+ Kd5 1-0

[Event "TCh-FRA Top 12 2016"]
[Site "Drancy FRA"]
[Date "2016.05.31"]
[Round "4.2"]
[Board "4"]
[White "Todorov, Todor"]
[Black "Maze, Sebastien"]
[Result "0-1"]
[WhiteTitle "GM"]
[BlackTitle "GM"]
[WhiteElo "2494"]
[BlackElo "2614"]
[WhiteTeam "Cavalier Bleu DRANCY"]
[BlackTeam "C.E. de BOIS COLOMBES"]
[WhiteFideId "2903237"]
[BlackFideId "613762"]
[EventDate "2016.05.28"]

1. e4 c5 2. b3 Nc6 3. Bb2 e5 4. f4 exf4 5. Nf3 d6 6. Nc3 Be7 7. Bc4 Bh4+ 8. Nxh4
Qxh4+ 9. Kf1 Nf6 10. Qe1 Qxe1+ 11. Rxe1 Ne5 12. Kf2 a6 13. Rhf1 b5 14. Bd5 Ra7
15. Kg1 g5 16. a4 b4 17. Na2 a5 18. d4 cxd4 19. Bxd4 Rc7 20. Rf2 Nxd5 21. exd5
Re7 22. Rc1 O-O 23. Bb6 Ng4 24. Rf3 Bb7 25. Bxa5 Bxd5 26. Rd3 Bb7 27. h3 Rfe8
28. hxg4 Re2 29. Rf3 h5 30. gxh5 Bxf3 31. gxf3 g4 32. Bxb4 gxf3 33. Kf1 Rh2 34.
Re1 Ree2 35. Rxe2 fxe2+ 36. Ke1 f3 37. Kd2 Rh1 38. Ke3 Rf1 39. Bc3 f5 40. Nc1
f4+ 41. Kxf4 f2 42. Nxe2 Rg1 43. Nxg1 fxg1=Q 44. Ke4 Qd1 0-1

[Event "TCh-FRA Top 12 2016"]
[Site "Drancy FRA"]
[Date "2016.05.31"]
[Round "4.2"]
[Board "5"]
[White "Cornette, Matthieu"]
[Black "Komarov, Dimitri"]
[Result "1-0"]
[WhiteTitle "GM"]
[BlackTitle "GM"]
[WhiteElo "2579"]
[BlackElo "2506"]
[WhiteTeam "C.E. de BOIS COLOMBES"]
[BlackTeam "Cavalier Bleu DRANCY"]
[WhiteFideId "620084"]
[BlackFideId "14101270"]
[EventDate "2016.05.28"]

1. e4 e6 2. d4 d5 3. Nd2 c5 4. exd5 exd5 5. Ngf3 Nf6 6. Bb5+ Bd7 7. Bxd7+ Nbxd7
8. O-O Be7 9. dxc5 Nxc5 10. Nd4 O-O 11. N2b3 Qd7 12. Qf3 Nce4 13. Nf5 Bd8 14.
Be3 Rc8 15. c3 a5 16. Rad1 Re8 17. Bd4 Rc6 18. Nd2 Rce6 19. Nxe4 Rxe4 20. Ng3
R4e6 21. Bxf6 Rxf6 22. Rxd5 Qe6 23. Qd1 Bb6 24. c4 g6 25. c5 Bc7 26. Qd3 Rf4 27.
b3 Qf6 28. Rd7 Qc6 29. Qd5 Qxd5 30. Rxd5 Re5 31. Rfd1 a4 32. f3 axb3 33. axb3
Rb4 34. Ne4 Rxb3 35. Rd7 Ba5 36. h4 Re6 37. Kh2 Rc6 38. Kh3 Bc7 39. Ra1 h6 40.
Ra8+ Kg7 41. Re8 Rb1 42. Ree7 Rh1+ 43. Kg4 Kg8 44. Rxf7 1-0

[Event "TCh-FRA Top 12 2016"]
[Site "Drancy FRA"]
[Date "2016.05.31"]
[Round "4.2"]
[Board "6"]
[White "Karr, Jean-Philippe"]
[Black "Bauer, Christian"]
[Result "0-1"]
[WhiteTitle "IM"]
[BlackTitle "GM"]
[WhiteElo "2366"]
[BlackElo "2634"]
[WhiteTeam "Cavalier Bleu DRANCY"]
[BlackTeam "C.E. de BOIS COLOMBES"]
[WhiteFideId "612227"]
[BlackFideId "603767"]
[EventDate "2016.05.28"]

1. d4 b6 2. e4 Bb7 3. Nd2 e6 4. Ngf3 g6 5. Bd3 Bg7 6. c3 d6 7. Qe2 a6 8. O-O Nd7
9. Re1 Ne7 10. a3 h6 11. h3 O-O 12. Nf1 c5 13. b4 cxd4 14. cxd4 Nc6 15. Bb2 b5
16. Rad1 Re8 17. Bc2 Nb6 18. Ne3 Rc8 19. h4 Ne7 20. h5 gxh5 21. Nh2 Ng6 22. Qxh5
Qg5 23. Qg4 Re7 24. Bc1 Qxg4 25. Nhxg4 h5 26. Nh2 Rec7 27. Bb1 Na4 28. e5 dxe5
29. Bxg6 fxg6 30. dxe5 Nc3 31. Rd3 Bxe5 32. Nef1 Ne4 33. Be3 Rc3 34. Rd7 Bd5 35.
Nf3 Bf6 36. Ra7 Rxa3 37. Nd4 Ra4 38. f3 Nd6 39. Bf2 Re8 40. Rd7 Rd8 41. Rxd8+
Bxd8 42. Nxe6 Bf6 43. Nc5 Bc4 44. Nxa4 bxa4 45. Nd2 Bc3 46. Rd1 a3 47. Nb1 Bxb4
48. Bd4 a2 49. Nd2 Be2 50. Re1 Nf5 51. Ba1 Bb5 52. Re6 Bxd2 53. Rxg6+ Kh7 54.
Rf6 Be3+ 55. Kh2 Bd4 0-1

[Event "TCh-FRA Top 12 2016"]
[Site "Drancy FRA"]
[Date "2016.05.31"]
[Round "4.2"]
[Board "7"]
[White "Vuilleumier, Alexandre"]
[Black "Chabanon, Jean-Luc"]
[Result "1/2-1/2"]
[WhiteTitle "IM"]
[BlackTitle "GM"]
[WhiteElo "2384"]
[BlackElo "2452"]
[WhiteTeam "C.E. de BOIS COLOMBES"]
[BlackTeam "Cavalier Bleu DRANCY"]
[WhiteFideId "1305662"]
[BlackFideId "600075"]
[EventDate "2016.05.28"]

1. e4 c5 2. Nf3 d6 3. d4 cxd4 4. Nxd4 Nf6 5. Nc3 e6 6. g4 h6 7. h3 Nc6 8. Be3
Bd7 9. Qd2 a6 10. O-O-O Qc7 11. Kb1 Rc8 12. f4 Be7 13. Bd3 Nxd4 14. Bxd4 e5 15.
Be3 exf4 16. Bxf4 Be6 17. Ne2 Nd7 18. Nd4 Bf6 19. Nf5 Bxf5 20. exf5 Ne5 21. h4
Nxd3 22. cxd3 Qb6 23. d4 Kd7 24. Be5 Rhe8 25. Bxf6 gxf6 26. Rhe1 Qc6 27. a3 Qf3
28. Qxh6 Re2 29. Rxe2 Qxe2 30. Rc1 1/2-1/2